[Event "Cuneo Province-ch"]
[Site "Cuneo"]
[Date "2013.03.03"]
[Round "4"]
[White "Gastaldi, Franco"]
[Black "Sotgia, Cosimo"]
[Result "1/2-1/2"]
[WhiteElo "1780"]
[BlackElo "1901"]
[PlyCount "125"]
[EventDate "2013.03.01"]
[EventType "swiss"]
[EventRounds "5"]
[EventCountry "ITA"]
[SourceTitle "EXT 2014"]
[Source "ChessBase"]
[SourceDate "2013.11.20"]
[SourceVersion "1"]
[SourceVersionDate "2013.11.20"]
[SourceQuality "1"]

1. d4 d5 2. c4 e6 3. Nc3 c6 4. cxd5 exd5 5. a3 Bd6 6. Nf3 Bf5 7. Bg5 f6 8. Bh4 Ne7 9. e3 Nd7 10. Bd3 Nb6 11. Qc2 Qd7 12. Bg3 Nbc8 13. Bxd6 Nxd6 14. Bxf5 Qxf5 15. Qxf5 Nexf5 16. b3 Kf7 17. g4 Nh6 18. h3 Rhe8 19. Kd2 Ng8 20. g5 Ne7 21. gxf6 gxf6 22. Rhg1 Rg8 23. Rxg8 Rxg8 24. Rg1 Rg6 25. Rg4 Nef5 26. Rxg6 hxg6 27. Kd3 Ke6 28. a4 a5 29. Nd2 Nh4 30. e4 Ng2 31. exd5+ cxd5 32. Ne2 b5 33. axb5 Nxb5 34. Nf1 g5 35. Ne3 Ne1+ 36. Kd2 Nf3+ 37. Kd3 f5 38. Ng2 f4 39. h4 Nxh4 40. Nxh4 gxh4 41. Nxf4+ Kf5 42. Nxd5 h3 43. Ne3+ Kf4 44. Nf1 Kf3 45. d5 Kxf2 46. Nh2 Kg3 47. Nf1+ Kf4 48. Kc4 Nd6+ 49. Kd3 Ke5 50. Ke3 Nf5+ 51. Kf3 Nd4+ 52. Kg3 Nxb3 53. Ne3 Nd2 54. Kxh3 a4 55. Kg3 a3 56. Kf2 a2 57. Nc2 Nc4 58. Ke2 Na3 59. Na1 Kxd5 60. Kd3 Nb5 61. Kc2 Kc4 62. Kb2 Nc3 63. Nc2 1/2-1/2

[Event "Cuneo Province-ch"]
[Site "Cuneo"]
[Date "2013.03.02"]
[Round "3"]
[White "Sotgia, Cosimo"]
[Black "Di Chiara, Mauro"]
[Result "1-0"]
[WhiteElo "1901"]
[BlackElo "1949"]
[PlyCount "81"]
[EventDate "2013.03.01"]
[EventType "swiss"]
[EventRounds "5"]
[EventCountry "ITA"]
[SourceTitle "EXT 2014"]
[Source "ChessBase"]
[SourceDate "2013.11.20"]
[SourceVersion "1"]
[SourceVersionDate "2013.11.20"]
[SourceQuality "1"]

1. e4 c5 2. Nf3 Nc6 3. c3 g6 4. g3 Bg7 5. Bg2 d6 6. 0-0 e5 7. d3 Nf6 8. Re1 0-0 9. Bg5 h6 10. Bd2 b5 11. Na3 Rb8 12. Nc2 Be6 13. d4 cxd4 14. cxd4 exd4 15. Nfxd4 Nxd4 16. Nxd4 Bg4 17. f3 Bd7 18. Be3 Re8 19. Nb3 d5 20. exd5 Rxe3 21. Rxe3 Qb6 22. Qd4 Qxd4 23. Nxd4 Nxd5 24. Rd3 Nb4 25. Rd2 Bxd4+ 26. Rxd4 Nc2 27. Rxd7 Nxa1 28. f4 Rc8 29. Bd5 Rc1+ 30. Kg2 Rc2+ 31. Kh3 Rxb2 32. Rxa7 g5 33. fxg5 hxg5 34. Bxf7+ Kh8 35. Rb7 Nc2 36. Bb3 Nd4 37. Bd5 Nc2 38. Bb3 Nd4 39. Kg4 Rxh2 40. Kxg5 Rb2 41. Kg6 1-0

[Event "Pinerolo op"]
[Site "Pinerolo"]
[Date "2009.11.15"]
[Round "4"]
[White "Sotgia, Cosimo"]
[Black "Bonino, Matteo"]
[Result "1/2-1/2"]
[WhiteElo "1874"]
[BlackElo "1566"]
[PlyCount "109"]
[EventDate "2009.11.13"]
[EventType "swiss"]
[EventRounds "5"]
[EventCountry "ITA"]
[SourceTitle "EXT 2012"]
[Source "ChessBase"]
[SourceDate "2011.11.24"]
[SourceVersion "1"]
[SourceVersionDate "2011.11.24"]
[SourceQuality "1"]

1. e4 e6 2. d4 d5 3. Nc3 Bb4 4. Nge2 dxe4 5. a3 Bxc3+ 6. Nxc3 Nf6 7. Bg5 Nc6 8. Bb5 Bd7 9. Nxe4 h6 10. Nxf6+ gxf6 11. Bh4 a6 12. Ba4 b5 13. Bb3 Na5 14. Qg4 Kf8 15. Qf4 Kg7 16. Ba2 Nb7 17. 0-0-0 Nd6 18. Rd3 Nf5 19. Re1 Nxh4 20. Qxh4 f5 21. Rg3+ Kh7 22. Qh5 Qf6 23. c3 Rag8 24. Ree3 f4 25. Bb1+ Rg6 26. Rh3 Kg7 27. g3 fxg3 28. Rexg3 Rxg3 29. Rxg3+ Kf8 30. Rf3 Qg5+ 31. Qxg5 hxg5 32. h3 Bc6 33. Rg3 Ke7 34. Bd3 f6 35. Kd2 Bd5 36. a4 Rb8 37. a5 Kd6 38. Ke3 c5 39. dxc5+ Kxc5 40. b4+ Kd6 41. f4 gxf4+ 42. Kxf4 Rh8 43. Bf1 Rh4+ 44. Rg4 e5+ 45. Kg3 Rxg4+ 46. hxg4 Be4 47. Be2 Kd5 48. Kf2 Bc2 49. Ke3 Bg6 50. Bf1 f5 51. gxf5 Bxf5 52. Be2 Bc2 53. Bf1 Be4 54. Be2 Bg2 55. Kd3 1/2-1/2

[Event "Turin Piemonte op 9th"]
[Site "Turin"]
[Date "2009.09.19"]
[Round "2"]
[White "Sorcinelli, Francesco"]
[Black "Sotgia, Cosimo"]
[Result "1/2-1/2"]
[WhiteElo "2187"]
[BlackElo "1872"]
[PlyCount "99"]
[EventDate "2009.09.18"]
[EventType "swiss"]
[EventRounds "5"]
[EventCountry "ITA"]
[SourceTitle "EXT 2012"]
[Source "ChessBase"]
[SourceDate "2011.11.24"]
[SourceVersion "1"]
[SourceVersionDate "2011.11.24"]
[SourceQuality "1"]

1. Nf3 Nf6 2. c4 g6 3. Nc3 Bg7 4. e4 0-0 5. d4 d6 6. Be2 c5 7. d5 b5 8. cxb5 a6 9. 0-0 axb5 10. Bxb5 Ba6 11. Qe2 Bxb5 12. Nxb5 Nbd7 13. a4 Ng4 14. h3 Nge5 15. Nxe5 Nxe5 16. f4 Nd7 17. Qc2 Qb6 18. Bd2 Rfc8 19. Kh2 Rcb8 20. Bc3 Nf6 21. b3 Rb7 22. Rad1 Qa6 23. e5 Ne8 24. e6 f6 25. f5 g5 26. Qe2 Nc7 27. Qh5 Nxb5 28. axb5 Qxb5 29. h4 Qe8 30. Qxe8+ Rxe8 31. hxg5 fxg5 32. f6 Bxf6 33. Bxf6 exf6 34. Rxf6 Rf8 35. Rdf1 Rxf6 36. Rxf6 Re7 37. Kg3 Kg7 38. Rf5 Kg6 39. Rf8 Rb7 40. Kf2 Kg7 41. Rd8 Kf6 42. Rxd6 Rxb3 43. Rd7 c4 44. Rf7+ Kg6 45. Rc7 Rd3 46. Rc5 Kf6 47. Ke2 h5 48. e7 Kxe7 49. d6+ Kxd6 50. Rxc4 1/2-1/2

[Event "Turin Piemonte op 9th"]
[Site "Turin"]
[Date "2009.09.18"]
[Round "1"]
[White "Sotgia, Cosimo"]
[Black "Canale, Claudio"]
[Result "1-0"]
[WhiteElo "1872"]
[BlackElo "1476"]
[PlyCount "33"]
[EventDate "2009.09.18"]
[EventType "swiss"]
[EventRounds "5"]
[EventCountry "ITA"]
[SourceTitle "EXT 2012"]
[Source "ChessBase"]
[SourceDate "2011.11.24"]
[SourceVersion "1"]
[SourceVersionDate "2011.11.24"]
[SourceQuality "1"]

1. e4 e5 2. Bc4 Bc5 3. Nf3 Nc6 4. 0-0 d6 5. c3 h6 6. d4 exd4 7. cxd4 Bb6 8. Nc3 a6 9. Qb3 Qe7 10. Nd5 Qd8 11. Nxb6 cxb6 12. Bxf7+ Kf8 13. e5 Qc7 14. Bh5 dxe5 15. Nxe5 Nxe5 16. dxe5 Bf5 17. Qf3 1-0